[Event "Catalunya-chT DH"]
[Site "Spain"]
[Date "2004.??.??"]
[Round "2"]
[White "Collado Pallas, David"]
[Black "Dominguez Gonzalez, Isaac"]
[Result "1/2-1/2"]
[WhiteElo "2172"]
[BlackElo "2234"]
[PlyCount "93"]
[EventDate "2004.??.??"]
[EventType "team"]
[EventRounds "9"]
[EventCountry "ESP"]
[SourceTitle "EXT 2007"]
[Source "ChessBase"]
[SourceDate "2006.11.23"]
[SourceVersion "1"]
[SourceVersionDate "2006.11.23"]
[SourceQuality "1"]

1. d4 d5 2. Nf3 c6 3. g3 e6 4. Bg2 f5 5. 0-0 Bd6 6. b3 Qe7 7. Ne5 Nf6 8. Bb2 b6 9. c4 Bb7 10. cxd5 cxd5 11. Nc3 a6 12. e3 0-0 13. f4 b5 14. a3 Nbd7 15. h3 Ne4 16. Bxe4 dxe4 17. Rf2 Nb6 18. Rg2 Rac8 19. Kh2 Rc7 20. Qe1 Rfc8 21. b4 Nd5 22. Nxd5 Bxd5 23. Rc1 Rxc1 24. Bxc1 a5 25. Bd2 a4 26. g4 Rc2 27. gxf5 exf5 28. Qd1 Bb3 29. Qh5 Bxe5 30. fxe5 Be6 31. Be1 Rxg2+ 32. Kxg2 Qf7 33. Qh4 h6 34. Qd8+ Kh7 35. Bg3 Bc4 36. Kh2 Bf1 37. Kg1 Bxh3 38. d5 Qh5 39. Qh4 Qd1+ 40. Be1 Bg4 41. d6 g5 42. Qf2 f4 43. exf4 gxf4 44. Qh4 e3 45. Qe7+ Kg8 46. Qe8+ Kg7 47. Qe7+ 1/2-1/2

[Event "Catalunya-chT DH"]
[Site "Spain"]
[Date "2004.??.??"]
[Round "9"]
[White "Estrella Vidiella, Jordi"]
[Black "Dominguez Gonzalez, Isaac"]
[Result "1-0"]
[WhiteElo "2267"]
[BlackElo "2234"]
[PlyCount "115"]
[EventDate "2004.??.??"]
[EventType "team"]
[EventRounds "9"]
[EventCountry "ESP"]
[SourceTitle "EXT 2007"]
[Source "ChessBase"]
[SourceDate "2006.11.23"]
[SourceVersion "1"]
[SourceVersionDate "2006.11.23"]
[SourceQuality "1"]

1. e4 c5 2. c3 g6 3. d4 cxd4 4. cxd4 d5 5. e5 Nc6 6. Nc3 Bg7 7. g3 f5 8. exf6 Nxf6 9. Bg2 0-0 10. Nge2 Bf5 11. 0-0 Ne4 12. Be3 e5 13. Nxe4 dxe4 14. d5 Nd4 15. Nxd4 exd4 16. Bxd4 Qxd5 17. Bxg7 Qxd1 18. Raxd1 Kxg7 19. Rd4 Rfe8 20. Re1 Rad8 21. Rxd8 Rxd8 22. Bxe4 Re8 23. f3 Kf6 24. Kf2 Rc8 25. Bxb7 Rb8 26. Bd5 Rxb2+ 27. Re2 Rb6 28. g4 Bd3 29. Re3 Ba6 30. h4 h6 31. f4 g5 32. Kg3 gxf4+ 33. Kxf4 Rb4+ 34. Re4 Rxe4+ 35. Kxe4 Bc8 36. Kf4 Bd7 37. g5+ hxg5+ 38. hxg5+ Kg7 39. Be4 Bb5 40. Ke5 a5 41. Kd6 Bc4 42. a3 Bb3 43. Kc5 a4 44. Kb4 Kf7 45. Bf5 Kg7 46. Bd3 Bd1 47. Kc3 Kf7 48. Kb4 Kg7 49. Bb5 Kg6 50. Bxa4 Bg4 51. Bc2+ Kxg5 52. a4 Kf6 53. Kc5 Ke7 54. Kb6 Kd8 55. Kb7 Bf3+ 56. Kb8 Be2 57. Bf5 Bf1 58. Be4 1-0

[Event "Catalunya-ch"]
[Site "Barcelona"]
[Date "2002.03.29"]
[Round "6.14"]
[White "Gurrutxaga Telleria, Jose Luis"]
[Black "Dominguez Gonzalez, Isaac"]
[Result "0-1"]
[WhiteElo "2050"]
[BlackElo "2244"]
[PlyCount "92"]
[EventDate "2002.03.24"]
[EventType "swiss"]
[EventRounds "9"]
[EventCountry "ESP"]
[SourceTitle "EXT 2003"]
[Source "ChessBase"]
[SourceDate "2002.11.25"]
[SourceVersion "1"]
[SourceVersionDate "2002.11.25"]
[SourceQuality "1"]

1. d4 d5 2. Nf3 c6 3. c4 Nf6 4. e3 a6 5. Nbd2 Bf5 6. Qb3 Ra7 7. Ne5 e6 8. Be2 Nfd7 9. f4 Nxe5 10. fxe5 Be7 11. 0-0 0-0 12. c5 Nd7 13. Bd3 Bxd3 14. Qxd3 f6 15. exf6 Bxf6 16. e4 e5 17. exd5 cxd5 18. Qb3 exd4 19. Qxd5+ Kh8 20. Ne4 b6 21. cxb6 Qxb6 22. Qd6 Qxd6 23. Nxd6 Nc5 24. Bg5 Rd7 25. Bxf6 gxf6 26. Nc4 Kg7 27. Rad1 Rb8 28. Rf4 Ne6 29. Re4 Kf7 30. b3 Rb5 31. Rh4 h5 32. g4 hxg4 33. Rxg4 Rg5 34. Rxg5 Nxg5 35. Rd3 Ne4 36. Kg2 Ke6 37. Nd2 Nxd2 38. Rxd2 Ke5 39. Kf3 Rh7 40. Re2+ Kd5 41. Rd2 Rh3+ 42. Kf4 d3 43. Kg4 Re3 44. a4 Kd4 45. Rf2 Kc3 46. Rxf6 d2 0-1

[Event "Badalona op"]
[Site "Badalona"]
[Date "2000.??.??"]
[Round "2"]
[White "Dominguez Gonzalez, Isaac"]
[Black "Guerrero Alvarez, Rafael"]
[Result "0-1"]
[WhiteElo "2260"]
[BlackElo "2240"]
[PlyCount "72"]
[EventDate "2000.??.??"]
[EventType "swiss"]
[EventRounds "9"]
[EventCountry "ESP"]
[SourceTitle "EXT 2001"]
[Source "ChessBase"]
[SourceDate "2000.11.22"]
[SourceVersion "1"]
[SourceVersionDate "2000.11.22"]
[SourceQuality "1"]

1. e4 c5 2. Nf3 e6 3. Nc3 a6 4. g3 Qc7 5. Bg2 d6 6. 0-0 Nf6 7. d3 Be7 8. Ng5 h6 9. Nh3 Bd7 10. f4 Nc6 11. f5 0-0-0 12. Nf4 Ne5 13. fxe6 fxe6 14. Bh3 d5 15. exd5 exd5 16. Ncxd5 Qd6 17. Nxe7+ Qxe7 18. Bxd7+ Qxd7 19. Qe2 Rde8 20. Qg2 g5 21. Ne2 Nd5 22. Nc3 Nxc3 23. bxc3 g4 24. Bf4 Nf3+ 25. Kh1 Qc6 26. d4 h5 27. Rad1 h4 28. d5 Qg6 29. d6 Kd7 30. Rxf3 h3 31. Qf2 Qe4 32. Rdd3 gxf3 33. Re3 Qd5 34. Kg1 Rxe3 35. Bxe3 Re8 36. Qd2 f2+ 0-1

[Event "Catalunya-ch"]
[Site "Barcelona"]
[Date "2000.??.??"]
[Round "5"]
[White "Ferran Biosca, Robert"]
[Black "Dominguez Gonzalez, Isaac"]
[Result "1/2-1/2"]
[WhiteElo "2157"]
[BlackElo "2260"]
[PlyCount "96"]
[EventDate "2000.??.??"]
[EventType "swiss"]
[EventRounds "9"]
[EventCountry "ESP"]
[SourceTitle "EXT 2001"]
[Source "ChessBase"]
[SourceDate "2000.11.22"]
[SourceVersion "1"]
[SourceVersionDate "2000.11.22"]
[SourceQuality "1"]

1. c4 c6 2. e4 d5 3. exd5 cxd5 4. d4 Nf6 5. Nc3 Nc6 6. Bf4 Be6 7. c5 g6 8. Bb5 Bg7 9. Nf3 0-0 10. Bxc6 bxc6 11. Ne5 Qc8 12. 0-0 Nh5 13. Be3 f6 14. Nf3 Bg4 15. h3 Bxf3 16. Qxf3 e5 17. g4 exd4 18. Bxd4 f5 19. gxh5 Bxd4 20. hxg6 hxg6 21. Nxd5 Qb7 22. Nf4 Rf6 23. Qd3 Qxb2 24. Qc4+ Kh8 25. Rad1 Be5 26. Nd3 Qd4 27. Nxe5 Qxe5 28. Rfe1 Qc7 29. Qc3 Qg7 30. Rd7 Rf7 31. Qxg7+ Rxg7 32. Ree7 Rxe7 33. Rxe7 Rd8 34. Rxa7 Rd5 35. Ra5 Kg7 36. Kg2 Kf6 37. Kg3 Ke5 38. h4 Rd3+ 39. f3 Rc3 40. Ra8 Rxc5 41. a4 Rc2 42. a5 Ra2 43. a6 Kf6 44. a7 Kg7 45. Kf4 Ra5 46. Kg5 c5 47. f4 Ra3 48. h5 gxh5 1/2-1/2

[Event "Malaga op 2nd"]
[Site "Malaga"]
[Date "1999.02.11"]
[Round "9"]
[White "Taimanov, Mark E"]
[Black "Dominguez Gonzalez, Isaac"]
[Result "1-0"]
[WhiteElo "2424"]
[BlackElo "2238"]
[PlyCount "71"]
[EventDate "1999.02.03"]
[EventType "swiss"]
[EventRounds "9"]
[EventCountry "ESP"]
[SourceTitle "CBM 068 Extra"]
[Source "ChessBase"]
[SourceDate "1999.03.01"]
[SourceVersion "1"]
[SourceVersionDate "1999.03.01"]
[SourceQuality "1"]

1. Nf3 Nf6 2. b3 g6 3. Bb2 Bg7 4. g3 0-0 5. Bg2 d6 6. d4 Nc6 7. 0-0 Bg4 8. c4 Bxf3 9. Bxf3 Nd7 10. Qd2 e5 11. dxe5 Ndxe5 12. Bg2 a5 13. f4 Bh6 14. Qc3 Re8 15. fxe5 Rxe5 16. e4 Qb8 17. Nd2 Qa7+ 18. Kh1 Be3 19. Nf3 Rf8 20. Nxe5 Nxe5 21. Rae1 Bh6 22. c5 Bg7 23. cxd6 cxd6 24. Qd4 Qa6 25. Rd1 Qe2 26. Qd2 Qh5 27. Bxe5 Bxe5 28. Qxa5 Rc8 29. Qd5 g5 30. Bf3 g4 31. Bg2 Rc5 32. Qxb7 Rc2 33. Rf5 Qg6 34. Rff1 f6 35. Qe7 Qh6 36. Rxf6 1-0

[Event "Malaga op 2nd"]
[Site "Malaga"]
[Date "1999.02.08"]
[Round "6"]
[White "Dominguez Gonzalez, Isaac"]
[Black "Ridameya Tatche, Jose Miguel"]
[Result "0-1"]
[WhiteElo "2238"]
[BlackElo "2143"]
[PlyCount "48"]
[EventDate "1999.02.03"]
[EventType "swiss"]
[EventRounds "9"]
[EventCountry "ESP"]
[SourceTitle "CBM 068 Extra"]
[Source "ChessBase"]
[SourceDate "1999.03.01"]
[SourceVersion "1"]
[SourceVersionDate "1999.03.01"]
[SourceQuality "1"]

1. d4 d5 2. Nf3 Nc6 3. c4 Bg4 4. cxd5 Bxf3 5. dxc6 Bxc6 6. Nc3 Nf6 7. f3 e6 8. e4 Bb4 9. Be3 Qe7 10. a3 Ba5 11. b4 Bb6 12. Na4 0-0 13. Nxb6 axb6 14. b5 Bd7 15. Bc1 Rfd8 16. Bb2 c5 17. Rc1 Be8 18. g4 cxd4 19. g5 Nh5 20. h4 Qd6 21. Rc2 Qg3+ 22. Kd2 Qf4+ 23. Ke1 d3 24. Qc1 Qg3+ 0-1

[Event "Montcada op"]
[Site "Montcada"]
[Date "1999.??.??"]
[Round "8"]
[White "Dominguez Gonzalez, Isaac"]
[Black "Vilar Lopez, Monica"]
[Result "1-0"]
[WhiteElo "2238"]
[BlackElo "2175"]
[PlyCount "53"]
[EventDate "1999.??.??"]
[EventType "swiss"]
[EventRounds "9"]
[EventCountry "ESP"]
[SourceTitle "EXT 2002"]
[Source "ChessBase"]
[SourceDate "2001.11.25"]
[SourceVersion "1"]
[SourceVersionDate "2001.11.25"]
[SourceQuality "1"]

1. e4 c6 2. d4 d5 3. e5 Bf5 4. Nf3 e6 5. Be2 c5 6. 0-0 Nc6 7. Be3 c4 8. b3 cxb3 9. axb3 Nge7 10. c4 Nb4 11. Ne1 Nec6 12. Na3 Be7 13. Nac2 0-0 14. Nxb4 Nxb4 15. Nd3 Qd7 16. Nxb4 Bxb4 17. c5 b6 18. Ra6 Rfc8 19. cxb6 axb6 20. Qa1 Rxa6 21. Qxa6 Ba5 22. Rc1 Rxc1+ 23. Bxc1 h6 24. Ba3 Qc7 25. b4 Qc3 26. bxa5 Qxa3 27. axb6 1-0

[Event "ESP Ronda op"]
[Site "Spain"]
[Date "1998.??.??"]
[Round "?"]
[White "Hopman, Pieter"]
[Black "Dominguez Gonzalez, Isaac"]
[Result "1-0"]
[WhiteElo "2180"]
[BlackElo "2285"]
[PlyCount "59"]
[EventDate "1998.??.??"]
[EventType "swiss"]
[EventRounds "9"]
[EventCountry "ESP"]
[SourceTitle "EXT 2003"]
[Source "ChessBase"]
[SourceDate "2002.11.25"]
[SourceVersion "1"]
[SourceVersionDate "2002.11.25"]
[SourceQuality "1"]

1. d4 d6 2. c4 e5 3. Nc3 exd4 4. Qxd4 Nf6 5. g3 g6 6. Bg2 Bg7 7. Qd2 0-0 8. Nh3 Nbd7 9. Nf4 Nc5 10. Nfd5 c6 11. Nxf6+ Qxf6 12. 0-0 Rd8 13. Ne4 Nxe4 14. Bxe4 Be6 15. Qc2 d5 16. cxd5 cxd5 17. Bd3 Rac8 18. Qa4 a6 19. Rb1 d4 20. b4 Bh3 21. Rd1 b5 22. Qa5 Qc6 23. f3 Be5 24. Bd2 Qd6 25. Kf2 h5 26. Be4 h4 27. f4 Bg7 28. Rbc1 Qe6 29. Bf3 Rc4 30. Qxd8+ 1-0

[Event "Terrassa op"]
[Site "Terrassa"]
[Date "1996.??.??"]
[Round "2"]
[White "Dominguez Gonzalez, Isaac"]
[Black "De la Riva Aguado, Oscar"]
[Result "1/2-1/2"]
[WhiteElo "2295"]
[BlackElo "2490"]
[PlyCount "85"]
[EventDate "1996.07.??"]
[EventType "swiss"]
[EventRounds "9"]
[EventCountry "ESP"]
[SourceTitle "EXT 2002"]
[Source "ChessBase"]
[SourceDate "2001.11.25"]
[SourceVersion "1"]
[SourceVersionDate "2001.11.25"]
[SourceQuality "1"]

1. e4 c5 2. Nf3 Nc6 3. Bb5 a6 4. Bxc6 dxc6 5. 0-0 Qc7 6. d3 e5 7. a4 a5 8. Na3 Ne7 9. Be3 Ng6 10. c3 Be7 11. d4 cxd4 12. cxd4 Bg4 13. h3 exd4 14. Bxd4 Be6 15. Qc2 0-0 16. Rad1 Rac8 17. Qc3 f6 18. Qe3 c5 19. Bc3 b6 20. Nd2 Qc6 21. Nb5 Rce8 22. Qg3 f5 23. Qc7 Rc8 24. Qxc6 Rxc6 25. exf5 Bxf5 26. Na7 Re6 27. Rfe1 Rxe1+ 28. Rxe1 Rd8 29. Nc6 Rd7 30. Nxe7+ Nxe7 31. Nc4 Nd5 32. Re8+ Kf7 33. Rb8 Re7 34. Nxb6 Nxc3 35. bxc3 Re1+ 36. Kh2 Rc1 37. Nd5 Be4 38. Rd8 Rd1 39. Rd7+ Kf8 40. Nb6 Rc1 41. Rd8+ Ke7 42. Rd7+ Kf6 43. c4 1/2-1/2

[Event "Santa Coloma"]
[Site "Santa Coloma"]
[Date "1996.??.??"]
[Round "6"]
[White "Monterde Monterde, Ricardo"]
[Black "Dominguez Gonzalez, Isaac"]
[Result "1/2-1/2"]
[WhiteElo "2260"]
[BlackElo "2220"]
[PlyCount "49"]
[EventDate "1996.??.??"]
[EventType "tourn"]
[EventRounds "9"]
[EventCountry "ESP"]
[SourceTitle "EXT 2003"]
[Source "ChessBase"]
[SourceDate "2002.11.25"]
[SourceVersion "1"]
[SourceVersionDate "2002.11.25"]
[SourceQuality "1"]

1. d4 Nf6 2. c4 g6 3. Nc3 Bg7 4. e4 d6 5. Be2 0-0 6. Bg5 h6 7. Be3 Nbd7 8. Qd2 c5 9. d5 Qa5 10. f3 Kh7 11. g4 a6 12. Nh3 Ne5 13. Nf4 b5 14. Nb1 Qb6 15. Na3 b4 16. Nc2 a5 17. 0-0 Ba6 18. b3 a4 19. Rab1 axb3 20. axb3 Qc7 21. Nd3 Nfd7 22. f4 Nxd3 23. Bxd3 Bc8 24. Qg2 Ra2 25. Rf2 1/2-1/2